| 000 | 00549nam a22001817a 4500 | ||
|---|---|---|---|
| 003 | 0 | ||
| 005 | 20230619134757.0 | ||
| 008 | 230619b xxu||||| |||| 00| 0 eng d | ||
| 020 | _a978-971-996-816-0 | ||
| 082 |
_aFil. 612.87 _b.Ma39 2013 |
||
| 245 |
_aPanlasa = Tasting _cMackill, Mary |
||
| 260 |
_aQuezon City _bC & E Publishing, Inc. _c2013 |
||
| 300 |
_a26pp. _bcol. ill. _c19cm. |
||
| 500 | _aTaste-Juvenile literature. | ||
| 500 | _aTongue-Juvenile literature. | ||
| 500 | _aSense and sensation-Juvenile literature. | ||
| 942 |
_2ddc _cBK |
||
| 999 |
_c365024 _d365024 |
||